NOT Nominated for Best Picture (by Directors) Quiz Stats

 Plays Quiz not verified by Sporcle

Challenge
Share
Tweet
Embed
Score 0/15 Timer 05:00
0 Plays Today
Movies A, B, C or D % Correct
A) Three Kings, B) The Fighter, C) Silver Linings Playbook, D) American Hustle???
89.7%
A) Apollo 13, B) A Beautiful Mind, C) Frost/Nixon, D) Rush???
81.6%
A) Sense and Sensibility, B) The Ice Storm, C) Crouching Tiger, Hidden Dragon, D) Life of Pi???
75.2%
A) The Conversation, B) Apocalypse Now, C) The Godfather Part III, D) The Rainmaker???
71.8%
A) Mystic River, B) Flags of Our Fathers, C) Letters From Iwo Jima, D) American Sniper???
68.9%
A) Casino, B) Gangs of New York, C) The Aviator, D) Hugo???
67.4%
A) Fargo, B) O Brother, Where Art Thou?, C) A Serious Man, D) True Grit???
64.7%
A) Platoon, B) Wall Street, C) Born on the Fourth of July, D) JFK???
53.1%
Movies A, B, C or D % Correct
A) Mr. Deeds Goes to Town, B) Mr. Smith Goes to Washington, C) Arsenic and Old Lace, D) It's a Wonderful Life???
49.2%
A) 12 Angry Men, B) Serpico, C) Network, D) The Verdict???
47.3%
A) Jaws, B) Close Encounters of the Third Kind, C) Munich, D) War Horse???
43.8%
A) Double Indemnity, B) Sunset Blvd., C) Witness for the Prosecution, D) Some Like it Hot???
39.7%
A) Stagecoach, B) The Grapes of Wrath, C) The Quiet Man, D) The Searchers???
39%
A) Dr. Strangelove, B) 2001: A Space Odyssey, C) A Clockwork Orange, D) Barry Lyndon???
30.2%
A) The Maltese Falcon, B) The Treasure of the Sierra Madre, C) The African Queen, D) Prizzi's Honor???
21.1%

You're not logged in!

Compare scores with friends on all Sporcle quizzes.
Join for Free
OR
Log In

You Might Also Like...

Show Comments

Extras

Top Quizzes Today


Score Distribution

Your Account Isn't Verified!

In order to create a playlist on Sporcle, you need to verify the email address you used during registration. Go to your Sporcle Settings to finish the process.

Report this User

Report this user for behavior that violates our Community Guidelines.

Details: